| 000 | 01559nas a2200385 c 4500 | ||
|---|---|---|---|
| 001 | 25528 | ||
| 003 | ES-MaCES | ||
| 005 | 20161021141844.0 | ||
| 008 | 960220d19002005sp m| | 0spa d | ||
| 035 |
_aCES19980005094p _z10523 |
||
| 040 |
_aES-MaCES _bspa _cES-MaCES |
||
| 245 | 0 | 0 |
_aCEPES noticias _cConfederación Empresarial Española de la Economía Social |
| 260 |
_aMadrid (Vallehermoso, 15, 28015) _bCEPES _c-2005 |
||
| 300 |
_av. _c30 cm |
||
| 310 |
_aMensual _b1999- |
||
| 321 | _aIrregular | ||
| 500 | _aContinuada por: Cuadernos de economía social, ISSN | ||
| 500 | _aDescripción basada en: n. 1 (jun. 1995) | ||
| 500 | _aTít. tomado de la cub | ||
| 541 | _cGratuito | ||
| 650 | 4 |
_aorganización sin fines de lucro _927312 |
|
| 650 | 4 |
_amutualidad _930256 |
|
| 650 | 4 |
_acooperativa _927136 |
|
| 650 | 4 |
_aeconomía social _930379 |
|
| 653 | 1 | 0 | _aOrganizaciones |
| 710 | 2 |
_aConfederación Empresarial Española de la Economía Social _92244 |
|
| 780 | 0 | 0 |
_tBoletín informativo CEPES _w(ES-MaCES)25181 |
| 785 | 0 | 0 |
_tCuadernos de economía social CEPES, Confederación Empresarial Española de la Economía Social _w(ES-MaCES)26037 |
| 853 | 2 | 1 |
_bn. _iaño _jmes _vc _wb |
| 866 | 0 |
_a1995-1996 (1997-1999) 2000-2005. _zUbicación: DEPÓSITO - 10523 |
|
| 905 |
_1Boletín A _p+ |
||
| 942 |
_2CES _cCR _h6.3. |
||
| 999 |
_c25528 _d25528 |
||